000 00498nam a22001697a 4500
999 _c192324
_d192324
005 20220919135452.0
010 _aENG-135124
020 _a9780199472550
_c70.00
035 _aEN-118656
037 _bDBAD / PUB
082 _a480
245 _aPanorama:
_bA course on reading
260 _aNew Delhi
_bOxford University Press
_c2016
270 _aYMCA Library building,1jai singh road
_bNew Delhi
_e110001
300 _a51p.
_c22cm(pbk)
_bGlossary
942 _2ddc
_cEN
_mPAN
_h480